000 00367nam a2200145Ia 4500
008 230917s9999||||xx |||||||||||||| ||und||
040 _e125528
_aMAIN
041 _aEnglish
082 _a954.01 J199J
100 _aJain, Vandana
245 0 _aJudicial aministration in ancient
260 _aNew Delhi
_bManak publications
_c2008
300 _a150p p.
942 _cBK
999 _c148363
_d148363